The Christmas lamp/ Lori Copeland.
Available copies
- 3 of 3 copies available at LARL/NWRL Consortium. (Show)
- 1 of 1 copy available at Lake Agassiz Regional Library.
Current holds
0 current holds with 3 total copies.
Show Only Available Copies
| Location | Call Number / Copy Notes | Barcode | Shelving Location | Status | Due Date |
|---|---|---|---|---|---|
| Crookston Public Library | C COP (Text) | 33500010228641 | Main | Available | - |
Record details
- ISBN: 9780310272274
- ISBN: 0310272270
- Physical Description: 137 p. ; 19 cm.
- Publisher: Grand Rapids, Mich. : Zondervan, 2009.
Search for related items by subject
| Subject: | City and town life > Missouri > Fiction. Missouri > Fiction. |
| Genre: | Christmas stories. Christian fiction. |
| LDR | 01422cam a22003618a 4500 | ||
|---|---|---|---|
| 001 | 108773 | ||
| 003 | LARL_NWRL_CONSORTIUM | ||
| 005 | 20090903125110.0 | ||
| 008 | 090508s2009 miu 000 1 eng | ||
| 010 | . | ‡a2009018431 | |
| 020 | . | ‡a9780310272274 | |
| 020 | . | ‡a0310272270 | |
| 035 | . | ‡a(OCoLC)317917495 | |
| 040 | . | ‡aDLC ‡cDLC ‡dBTCTA | |
| 043 | . | ‡an-us-mo | |
| 082 | 0 | 0. | ‡a813/.54 ‡222 |
| 100 | 1 | . | ‡aCopeland, Lori. ‡0(LARL_NWRL_CONSORTIUM)104035 |
| 245 | 1 | 4. | ‡aThe Christmas lamp/ ‡cLori Copeland. |
| 260 | . | ‡aGrand Rapids, Mich. : ‡bZondervan, ‡c2009. | |
| 300 | . | ‡a137 p. ; ‡c19 cm. | |
| 655 | 0. | ‡aChristmas stories. | |
| 650 | 0. | ‡aCity and town life ‡zMissouri ‡vFiction. | |
| 651 | 0. | ‡aMissouri ‡vFiction. ‡0(LARL_NWRL_CONSORTIUM)166012 | |
| 655 | 7. | ‡aChristian fiction. ‡2gsafd | |
| 901 | . | ‡a108773 ‡bOCLC ‡c108773 ‡tbiblio | |

Add to basket
Permalink
Disable Highlighting